000 00682nam a2200241Ia 4500
005 20260430150713.0
008 008 250103s9999 xx 000 0 eng d
037 _aTheses
040 _aCRL
040 _beng
040 _ceng
041 _2eng
041 _aeng
084 _qCRL
100 _aChoudhury Nayanjyoti Au.; Mahajan Chakraverti Gu.
_91238255
245 0 _aProduction Patterns, Labour Process and Meaning-Making in Automobile and Allied Industries of Delhi-NCR
260 _c2024
300 _a285p.
650 _aAnthropology
700 _aUniversity of Delhi. Faculty of Science. Deptt. of Anthropology
942 _cTH
999 _c1850426
_d1850426